| 000 | 01705nam2a2200289 4500 | ||
|---|---|---|---|
| 001 | RU\NLR\BIBL_A\02059697 | ||
| 005 | 20260408110421.0 | ||
| 010 |
_a978-5-87693-509-0 _bт. 2 _9100 |
||
| 021 |
_aRU _b2013-62193 _94267 |
||
| 035 | _a(NLR Aleph) 002059697 | ||
| 090 |
_a4680500 _c4680500 |
||
| 100 | _a20131026d2012 |||y0rusy50 ca | ||
| 101 | 0 |
_arus _deng _eeng |
|
| 102 | _aRU | ||
| 105 | _aa ||||||||| | ||
| 200 | 0 | _aТ. 2 | |
| 210 |
_d2012 _aБ. м. |
||
| 215 |
_a203 с. _cил. |
||
| 300 | _aРез. ст. на англ. яз | ||
| 320 | _aБиблиогр. в конце ст | ||
| 461 | 0 |
_1001RU\NLR\BIBL_A\010016396 _12000#$aНедропользование. Горное дело. Новые направления и технологии поиска, разведки и разработки месторождений полезных ископаемых$eмеждународная научная конференция$eсборник материалов$e[в 2 т.]$fVIII Международные научный конгресс и выставка Интерэкспо ГЕО-Сибирь-2012, [10-20 апреля 2012 г.]$vТ.2$90 |
|
| 711 | 1 | 2 |
_a"Недропользование. Горное дело. Новые направления и технологии поиска, разведки и разработки месторождений полезных ископаемых", международная научная конференция _eНовосибирск _f2012 _9379672 _3RU\NLR\AUTH\8810246949 |
| 801 | 0 |
_aRU _bNLR _c20130919 _gRCR |
|
| 801 | 1 |
_aRU _bNLR _c20130919 |
|
| 942 | _cBOOK | ||
| 980 | _aNB | ||